[Event "4th Baskent University Open 2019"]
[Site "Ankara"]
[Date "2019.06.18"]
[Round "3"]
[White "Nagy, Gabor"]
[Black "Guseynov, Alihan"]
[Result "1-0"]
[WhiteElo "2471"]
[BlackElo "2274"]
[Annotator "ChessBase"]
[PlyCount "57"]
[EventDate "2019.06.18"]
[EventType "swiss"]
[EventCountry "TUR"]
[SourceTitle "playchess.com"]
[Source "ChessBase"]
[SourceQuality "1"]
[TimeControl "5400+30"]

1. c4 {[%emt 0:00:30]} Nf6 {[%emt 0:02:30]} 2. Nc3 {[%emt 0:00:00]} g6 {[%emt 0:00:30]} 3. e4 {[%emt 0:01:00]} d6 {[%emt 0:00:30]} 4. g3 {[%emt 0:00:30]} Bg7 {[%emt 0:00:30]} 5. Bg2 {[%emt 0:00:00]} c5 {[%emt 0:01:30]} 6. Nge2 {[%emt 0:00:00]} Nc6 {[%emt 0:00:30]} 7. d3 {[%emt 0:00:30]} O-O {[%emt 0:02:30]} 8. O-O {[%emt 0:00:30]} Ne8 {[%emt 0:01:30]} 9. Be3 {[%emt 0:00:30]} Nd4 {[%emt 0:01:30]} 10. Rb1 {[%emt 0:00:30]} Nc7 {[%emt 0:10:30]} 11. b4 {[%emt 0:00:30]} Rb8 {[%emt 0:01:30]} 12. f4 {[%emt 0:05:30]} b6 {[%emt 0:09:30]} 13. h3 {[%emt 0:02:30]} Bb7 {[%emt 0:09:30]} 14. Kh2 {[%emt 0:01:30]} f5 {[%emt 0:01:30]} 15. bxc5 {[%emt 0:02:30]} bxc5 {[%emt 0:02:30]} 16. Bg1 {[%emt 0:13:30]} Bc6 {[%emt 0:05:30]} 17. Nxd4 {[%emt 0:03:30]} cxd4 {[%emt 0:00:30]} 18. Rxb8 {[%emt 0:00:30]} Qxb8 {[%emt 0:00:30]} 19. Nd5 {[%emt 0:00:30]} Bxd5 {[%emt 0:11:30]} 20. cxd5 {[%emt 0:00:30]} Nb5 {[%emt 0:05:30]} 21. exf5 {[%emt 0:01:30]} Rxf5 {[%emt 0:00:30]} 22. Qb3 {[%emt 0:00:30]} Qb6 {[%emt 0:00:30]} 23. Rc1 {[%emt 0:00:30]} Qa5 {[%emt 0:02:30]} 24. Rc4 {[%emt 0:00:30]} Nc3 {[%emt 0:01:30]} 25. Bxd4 {[%emt 0:06:30]} Bxd4 {[%emt 0:11:26]} 26. Rxd4 {[%emt 0:00:00]} Ne2 {[%emt 0:02:03]} 27. Qb4 {[%emt 0:00:00]} Qxa2 {[%emt 0:00:59]} 28. Re4 {[%emt 0:00:30]} Qc2 {[%emt 0:00:26]} 29. Qe1 {[%emt 0:00:30]} 1-0

[Event "4th Baskent University Open 2019"]
[Site "Ankara"]
[Date "2019.06.18"]
[Round "3"]
[White "Mammadov, Zaur"]
[Black "Ozenir, Ekin Baris"]
[Result "1/2-1/2"]
[WhiteElo "2428"]
[BlackElo "2250"]
[Annotator "NA"]
[PlyCount "131"]
[EventDate "2019.06.18"]
[EventType "swiss"]
[EventCountry "TUR"]
[SourceTitle "playchess.com"]
[Source "ChessBase"]
[SourceQuality "1"]
[TimeControl "5400+30"]

1. e4 {[%emt 0:02:30]} c6 {[%emt 0:00:30]} 2. Nc3 {[%emt 0:00:30]} d5 {[%emt 0:00:30]} 3. Nf3 {[%emt 0:00:00]} Bg4 {[%emt 0:01:30]} 4. h3 {[%emt 0:00:00]} Bxf3 {[%emt 0:00:30]} 5. Qxf3 {[%emt 0:00:00]} e6 {[%emt 0:00:30]} 6. d3 {[%emt 0:00:00]} Nd7 {[%emt 0:02:30]} 7. Bd2 {[%emt 0:00:30]} Ngf6 {[%emt 0:04:30]} 8. g4 {[%emt 0:00:30]} h6 {[%emt 0:06:30]} 9. O-O-O {[%emt 0:00:30]} Qb6 {[%emt 0:02:30]} 10. Qg3 {[%emt 0:05:30]} O-O-O {[%emt 0:07:30]} 11. e5 {[%emt 0:01:30]} d4 {[%emt 0:10:30]} 12. exf6 {[%emt 0:04:30]} dxc3 {[%emt 0:00:30]} 13. Bxc3 {[%emt 0:00:30]} Nxf6 {[%emt 0:00:30]} 14. Bg2 {[%emt 0:00:30]} Nd5 {[%emt 0:04:30]} 15. Bd2 {[%emt 0:02:30]} Bd6 {[%emt 0:08:30]} 16. Qf3 {[%emt 0:00:30]} Qc7 {[%emt 0:01:30]} 17. Kb1 {[%emt 0:00:30]} Rhf8 {[%emt 0:06:30]} 18. h4 {[%emt 0:01:30]} Nf4 {[%emt 0:14:30]} 19. Bf1 {[%emt 0:00:30]} g5 {[%emt 0:00:30]} 20. Re1 {[%emt 0:03:30]} e5 {[%emt 0:05:30]} 21. Qe4 {[%emt 0:02:30]} f6 {[%emt 0:07:14]} 22. Be3 {[%emt 0:09:30]} Qa5 {[%emt 0:05:31]} 23. c3 {[%emt 0:01:30]} Kb8 {[%emt 0:01:42]} 24. hxg5 {[%emt 0:07:30]} hxg5 {[%emt 0:00:11]} 25. Rh7 {[%emt 0:00:30]} Rh8 {[%emt 0:03:09]} 26. Rxh8 {[%emt 0:01:30]} Rxh8 {[%emt 0:00:08]} 27. Qf5 {[%emt 0:00:00]} Qd8 {[%emt 0:04:08]} 28. Qe4 {[%emt 0:02:00]} Qd7 {[%emt 0:01:15]} 29. f3 {[%emt 0:05:30]} Rh1 {[%emt 0:00:38]} 30. Qc4 {[%emt 0:07:30]} b6 {[%emt 0:00:32]} 31. Rc1 {[%emt 0:03:30]} Nd5 {[%emt 0:00:28]} 32. Bf2 {[%emt 0:00:30]} Kb7 {[%emt 0:00:32]} 33. a4 {[%emt 0:00:00]} Nc7 {[%emt 0:00:31]} 34. a5 {[%emt 0:03:00]} b5 {[%emt 0:00:28]} 35. Qe4 {[%emt 0:00:30]} Ne6 {[%emt 0:00:31]} 36. a6+ {[%emt 0:01:30]} Kxa6 {[%emt 0:00:29]} 37. c4 {[%emt 0:01:30]} bxc4 {[%emt 0:00:31]} 38. d4 {[%emt 0:01:30]} Kb7 {[%emt 0:00:30]} 39. d5 {[%emt 0:00:00]} Nc7 {[%emt 0:00:30]} 40. Qxc4 {[%emt 0:02:00]} Nxd5 {[%emt 0:00:31]} 41. Qa4 {[%emt 0:03:30]} Kb8 {[%emt 0:00:30]} 42. Qb3+ {[%emt 0:07:30]} Ka8 {[%emt 0:00:28]} 43. Ka1 {[%emt 0:00:30]} Bc7 {[%emt 0:00:31]} 44. Qa3 {[%emt 0:12:14]} Bb6 {[%emt 0:00:27]} 45. Bxb6 {[%emt 0:03:12]} Nxb6 {[%emt 0:00:03]} 46. Qc5 {[%emt 0:00:26]} Rh8 {[%emt 0:01:01]} 47. Be2 {[%emt 0:01:08]} Rc8 {[%emt 0:00:29]} 48. Rd1 {[%emt 0:00:57]} Nd5 {[%emt 0:00:29]} 49. Bc4 {[%emt 0:00:42]} Rd8 {[%emt 0:00:30]} 50. Rd3 {[%emt 0:00:20]} Qb7 {[%emt 0:00:30]} 51. Rb3 {[%emt 0:01:12]} Nb6 {[%emt 0:00:14]} 52. Bd3 {[%emt 0:00:22]} Kb8 {[%emt 0:00:44]} 53. Ra3 {[%emt 0:00:30]} Qc7 {[%emt 0:00:34]} 54. Be4 {[%emt 0:00:46]} Rd6 {[%emt 0:00:29]} 55. Rc3 {[%emt 0:00:30]} Qe7 {[%emt 0:00:30]} 56. Rc1 {[%emt 0:00:54]} Qc7 {[%emt 0:00:30]} 57. Bxc6 {[%emt 0:01:31]} Nc8 {[%emt 0:00:29]} 58. Rc4 {[%emt 0:00:49]} Nb6 {[%emt 0:01:02]} 59. Rc3 {[%emt 0:00:01]} Rd1+ {[%emt 0:00:29]} 60. Ka2 {[%emt 0:00:05]} Qd6 {[%emt 0:00:00]} 61. Qb5 {[%emt 0:01:03]} Qe6+ {[%emt 0:00:34]} 62. Rb3 {[%emt 0:00:15]} Rd4 {[%emt 0:00:26]} 63. Be4 {[%emt 0:00:17]} Qd7 {[%emt 0:00:30]} 64. Bc6 {[%emt 0:02:15]} Qe6 {[%emt 0:00:04]} 65. Be4 {[%emt 0:01:54]} Qd7 {[%emt 0:00:06]} 66. Bc6 {[%emt 0:00:01]} 1/2-1/2

[Event "4th Baskent University Open 2019"]
[Site "Ankara"]
[Date "2019.06.18"]
[Round "3"]
[White "Nikcevic, Nebojsa"]
[Black "Gulbeyaz, Emir"]
[Result "1/2-1/2"]
[WhiteElo "2420"]
[BlackElo "2157"]
[Annotator "NA"]
[PlyCount "48"]
[EventDate "2019.06.18"]
[EventType "swiss"]
[EventCountry "TUR"]
[SourceTitle "playchess.com"]
[Source "ChessBase"]
[SourceQuality "1"]
[TimeControl "5400+30"]

1. c4 {[%emt 0:06:30]} Nf6 {[%emt 0:01:30]} 2. Nc3 {[%emt 0:01:30]} d5 {[%emt 0:00:30]} 3. cxd5 {[%emt 0:01:30]} Nxd5 {[%emt 0:00:30]} 4. Nf3 {[%emt 0:00:30]} g6 {[%emt 0:00:00]} 5. e4 {[%emt 0:01:30]} Nb6 {[%emt 0:03:00]} 6. d4 {[%emt 0:03:30]} Bg7 {[%emt 0:00:30]} 7. h3 {[%emt 0:00:00]} O-O {[%emt 0:01:30]} 8. Be3 {[%emt 0:00:00]} Nc6 {[%emt 0:02:30]} 9. Qd2 {[%emt 0:03:30]} f5 {[%emt 0:02:30]} 10. e5 {[%emt 0:04:30]} Nb4 {[%emt 0:03:30]} 11. a3 {[%emt 0:14:30]} N4d5 {[%emt 0:03:30]} 12. Nxd5 {[%emt 0:00:00]} Nxd5 {[%emt 0:01:30]} 13. Bc4 {[%emt 0:00:00]} Kh8 {[%emt 0:05:30]} 14. Bg5 {[%emt 0:03:30]} f4 {[%emt 0:07:30]} 15. Bxd5 {[%emt 0:02:30]} Qxd5 {[%emt 0:00:30]} 16. Bxe7 {[%emt 0:01:30]} Re8 {[%emt 0:00:30]} 17. Bb4 {[%emt 0:03:30]} b6 {[%emt 0:12:30]} 18. O-O {[%emt 0:06:30]} a5 {[%emt 0:00:30]} 19. Bc3 {[%emt 0:00:30]} Bxh3 {[%emt 0:00:30]} 20. Ne1 {[%emt 0:02:30]} Bd7 {[%emt 0:01:30]} 21. Qxf4 {[%emt 0:07:30]} Bb5 {[%emt 0:01:30]} 22. Nc2 {[%emt 0:00:00]} Bxf1 {[%emt 0:00:30]} 23. Ne3 {[%emt 0:01:00]} Qb3 {[%emt 0:00:30]} 24. Rxf1 {[%emt 0:00:30]} c6 {[%emt 0:15:30]} 1/2-1/2

[Event "4th Baskent University Open 2019"]
[Site "Ankara"]
[Date "2019.06.18"]
[Round "3"]
[White "Can, Isik"]
[Black "Buker, Muhittin"]
[Result "1-0"]
[WhiteElo "2379"]
[BlackElo "1991"]
[Annotator "NA"]
[PlyCount "61"]
[EventDate "2019.06.18"]
[EventType "swiss"]
[EventCountry "TUR"]
[SourceTitle "playchess.com"]
[Source "ChessBase"]
[SourceQuality "1"]
[TimeControl "5400+30"]

1. e4 {[%emt 0:00:30]} c5 {[%emt 0:00:30]} 2. Nf3 {[%emt 0:00:30]} d6 {[%emt 0:00:30]} 3. d4 {[%emt 0:00:00]} cxd4 {[%emt 0:00:30]} 4. Nxd4 {[%emt 0:00:00]} Nf6 {[%emt 0:00:00]} 5. Nc3 {[%emt 0:00:30]} a6 {[%emt 0:00:00]} 6. Bg5 {[%emt 0:00:00]} e6 {[%emt 0:00:30]} 7. f4 {[%emt 0:00:00]} Be7 {[%emt 0:00:30]} 8. Qf3 {[%emt 0:00:00]} Qc7 {[%emt 0:00:30]} 9. O-O-O {[%emt 0:00:00]} b5 {[%emt 0:09:30]} 10. e5 {[%emt 0:03:30]} Bb7 {[%emt 0:00:30]} 11. Qg3 {[%emt 0:01:30]} dxe5 {[%emt 0:05:30]} 12. fxe5 {[%emt 0:00:30]} Nh5 {[%emt 0:00:00]} 13. Qh4 {[%emt 0:01:30]} g6 {[%emt 0:02:00]} 14. Bxb5+ {[%emt 0:06:30]} axb5 {[%emt 0:20:30]} 15. Ndxb5 {[%emt 0:00:00]} Bxg5+ {[%emt 0:09:30]} 16. Qxg5 {[%emt 0:00:00]} Qe7 {[%emt 0:01:30]} 17. Nd6+ {[%emt 0:02:30]} Kf8 {[%emt 0:00:30]} 18. Qxe7+ {[%emt 0:01:30]} Kxe7 {[%emt 0:02:30]} 19. Nxb7 {[%emt 0:00:30]} Nd7 {[%emt 0:00:30]} 20. Rhe1 {[%emt 0:00:00]} Rhb8 {[%emt 0:00:30]} 21. Nd6 {[%emt 0:00:00]} Ra5 {[%emt 0:03:30]} 22. Nxf7 {[%emt 0:03:30]} Nf4 {[%emt 0:00:30]} 23. g3 {[%emt 0:01:30]} Nd5 {[%emt 0:00:30]} 24. Nxd5+ {[%emt 0:00:30]} exd5 {[%emt 0:00:00]} 25. e6 {[%emt 0:00:30]} Nf6 {[%emt 0:03:00]} 26. a3 {[%emt 0:00:30]} Ne4 {[%emt 0:01:30]} 27. Ne5 {[%emt 0:01:30]} Rc8 {[%emt 0:00:30]} 28. Nd3 {[%emt 0:00:30]} Kxe6 {[%emt 0:02:30]} 29. Nf4+ {[%emt 0:00:00]} Ke5 {[%emt 0:00:00]} 30. b4 {[%emt 0:00:00]} Rb5 {[%emt 0:03:00]} 31. a4 {[%emt 0:00:00]} 1-0

[Event "4th Baskent University Open 2019"]
[Site "Ankara"]
[Date "2019.06.18"]
[Round "3"]
[White "Simantsev, Mikhail"]
[Black "Annaberdiev, Meilis"]
[Result "1/2-1/2"]
[WhiteElo "2371"]
[BlackElo "2532"]
[Annotator "TA"]
[PlyCount "87"]
[EventDate "2019.06.18"]
[EventType "swiss"]
[EventCountry "TUR"]
[SourceTitle "playchess.com"]
[Source "ChessBase"]
[SourceQuality "1"]

{[%evp 20,87,62,62,82,72,60,65,84,14,25,10,47,50,31,13,47,69,152,8,8,8,8,0,88,87,68,73,96,108,72,87,77,42,45,50,47,35,42,19,18,19,20,18,33,0,104,-44,1,-391,-368,-441,-418,-572,-514,-979,-328,-331,-320,-258,-196,-159,0,0,0,0,0,0,0,0]} 1. d4 Nf6 2. c4 g6 3. f3 Bg7 4. e4 d6 5. Nc3 O-O 6. Nge2 a6 7. Be3 Nbd7 8. Ng3 c5 9. d5 b5 10. cxb5 axb5 11. Bxb5 Ba6 {E81: King's Indian: Sämisch: 6th move deviations (including 6 Be3 c6)} 12. Bxa6 Rxa6 13. O-O Ne8 $146 {White is slightly better.} ({Predecessor:} 13... Qa5 14. Qc2 Rb8 15. Rab1 Ne5 16. b3 Nfd7 17. Nge2 Rba8 18. a4 Qc7 19. Nb5 {1-0 (35) Leclercq,B (2080)-Pascot,J (1950) Bretagne 2006}) 14. f4 (14. Nge2 $16) 14... Qb6 15. Qe2 Nc7 16. e5 Qb7 17. Rad1 dxe5 18. f5 Rb8 (18... Ne8 $14) 19. b3 (19. Qf3 $16) 19... Nb5 $1 $11 {[%cal Rb5c3]} 20. Nxb5 Qxb5 21. Qf2 Rf8 (21... Nf6 $1 $11) 22. Ne4 $16 Nf6 23. Nxf6+ Rxf6 24. Qc2 Rxf5 25. Rxf5 gxf5 26. Qxf5 Qe2 {[%mdl 64] Double Attack} 27. Qf3 Qxa2 28. Bxc5 f5 $1 29. Qc3 Rc8 30. b4 e4 31. Qh3 Qe2 32. Rf1 {[#]} (32. Rb1 $5 {[%cal Rh3f5]}) 32... e6 {[#]} (32... Rxc5 $1 $11 {[%mdl 512] remains equal.} 33. Qxf5 (33. bxc5 Bd4+) 33... Bd4+ 34. Kh1 Bf2) 33. g3 ({White should try} 33. Qg3 $1 $16 Qc4 34. dxe6 Qxe6 35. Bd4) 33... e3 {aiming for ...Qd2.} (33... Qd2 $5 {[%cal Re4e3]} 34. g4 (34. dxe6 $2 e3 $19) 34... f4 $15) 34. dxe6 $2 {[%mdl 8192] [#]} (34. Qg2 $11 {and White is okay.} Qxg2+ 35. Kxg2 exd5 36. Bxe3 (36. Rxf5 $2 e2 $19)) 34... Qd2 $1 $19 35. Qxf5 {White threatens e7 and mate.} e2 36. Qf7+ Kh8 37. e7 (37. Rb1 $142 Qd1+ 38. Rxd1 exd1=Q+ 39. Kg2) 37... e1=Q $2 (37... exf1=R+ $2 38. Kxf1 Qd3+ 39. Kg2 $19) (37... Bd4+ 38. Kh1 exf1=Q+ 39. Qxf1 Bxc5 40. Qf6+ Kg8 41. Qe6+ Kg7 42. Qe5+ Kf7 43. bxc5 Re8 44. Qf5+ Kxe7) 38. Rxe1 Qxe1+ 39. Kg2 Qe4+ 40. Kh3 {Black must now prevent Bd4.} Qc6 $2 {[#]} (40... Rg8 $17 {...Qc6 is the strong threat.} 41. b5 Qg6 42. Qxg6 hxg6) 41. Bd4 $1 $11 {[%csl Gf7][%cal Rd4g7][%mdl 512] The position is equal.} Qh6+ (41... Bxd4 42. Qf8+) 42. Kg2 $1 Qc6+ 43. Kh3 $1 {[%csl Gf7][%cal Rd4g7]} Qh6+ 44. Kg2 $1 {Accuracy: White = 49%, Black = 38%.} 1/2-1/2

[Event "4th Baskent University Open 2019"]
[Site "Ankara"]
[Date "2019.06.18"]
[Round "3"]
[White "Koksal, Ege"]
[Black "Grigoriev, Armen"]
[Result "1-0"]
[WhiteElo "2363"]
[BlackElo "1986"]
[Annotator "NA"]
[PlyCount "79"]
[EventDate "2019.06.18"]
[EventType "swiss"]
[EventCountry "TUR"]
[SourceTitle "playchess.com"]
[Source "ChessBase"]
[SourceQuality "1"]
[TimeControl "5400+30"]

1. d4 {[%emt 0:03:30]} Nf6 {[%emt 0:00:30]} 2. c4 {[%emt 0:00:30]} e6 {[%emt 0:00:00]} 3. Nf3 {[%emt 0:00:30]} d5 {[%emt 0:00:00]} 4. Nc3 {[%emt 0:00:30]} Bb4 {[%emt 0:00:30]} 5. Qb3 {[%emt 0:01:30]} a5 {[%emt 0:02:30]} 6. Bg5 {[%emt 0:02:30]} c6 {[%emt 0:00:30]} 7. e3 {[%emt 0:01:30]} Nbd7 {[%emt 0:01:30]} 8. Be2 {[%emt 0:03:30]} O-O {[%emt 0:01:30]} 9. O-O {[%emt 0:00:00]} Be7 {[%emt 0:05:30]} 10. Rac1 {[%emt 0:03:00]} dxc4 {[%emt 0:06:30]} 11. Bxc4 {[%emt 0:01:30]} Nd5 {[%emt 0:00:30]} 12. Bxe7 {[%emt 0:00:30]} Qxe7 {[%emt 0:00:30]} 13. e4 {[%emt 0:00:30]} Nxc3 {[%emt 0:06:30]} 14. Qxc3 {[%emt 0:00:30]} b6 {[%emt 0:00:30]} 15. Rfe1 {[%emt 0:04:30]} Bb7 {[%emt 0:01:30]} 16. d5 {[%emt 0:01:30]} Nc5 {[%emt 0:01:30]} 17. dxe6 {[%emt 0:00:30]} Nxe6 {[%emt 0:00:30]} 18. Qe5 {[%emt 0:00:30]} c5 {[%emt 0:05:30]} 19. Rcd1 {[%emt 0:05:30]} Rad8 {[%emt 0:01:30]} 20. Bd5 {[%emt 0:03:30]} Rfe8 {[%emt 0:01:30]} 21. h3 {[%emt 0:03:30]} h6 {[%emt 0:00:30]} 22. Qg3 {[%emt 0:02:30]} Bc8 {[%emt 0:05:30]} 23. Ne5 {[%emt 0:06:30]} Qc7 {[%emt 0:20:30]} 24. Nc4 {[%emt 0:12:30]} Nf4 {[%emt 0:07:30]} 25. a4 {[%emt 0:04:30]} Ba6 {[%emt 0:02:30]} 26. b3 {[%emt 0:11:30]} Bxc4 {[%emt 0:02:30]} 27. bxc4 {[%emt 0:00:30]} Ne6 {[%emt 0:02:30]} 28. Qxc7 {[%emt 0:01:30]} Nxc7 {[%emt 0:00:00]} 29. Bc6 {[%emt 0:02:30]} Rf8 {[%emt 0:04:00]} 30. Rxd8 {[%emt 0:03:30]} Rxd8 {[%emt 0:00:30]} 31. Rb1 {[%emt 0:00:00]} Rd4 {[%emt 0:07:22]} 32. Rxb6 {[%emt 0:00:00]} Rxc4 {[%emt 0:00:01]} 33. Rb8+ {[%emt 0:05:12]} Kh7 {[%emt 0:00:30]} 34. Rb7 {[%emt 0:00:00]} Ne6 {[%emt 0:00:29]} 35. Bd5 {[%emt 0:01:08]} Rxa4 {[%emt 0:00:41]} 36. Rxf7 {[%emt 0:00:07]} Nd4 {[%emt 0:03:52]} 37. Kh2 {[%emt 0:07:07]} Ne2 {[%emt 0:06:39]} 38. e5 {[%emt 0:04:20]} Nf4 {[%emt 0:02:28]} 39. Bc6 {[%emt 0:00:18]} Kg6 {[%emt 0:01:26]} 40. Be8 {[%emt 0:01:16]} 1-0

[Event "4th Baskent University Open 2019"]
[Site "Ankara"]
[Date "2019.06.18"]
[Round "3"]
[White "Babayev, Talib"]
[Black "Sakalli, Mustafa"]
[Result "1/2-1/2"]
[WhiteElo "2290"]
[BlackElo "1916"]
[Annotator "NA"]
[PlyCount "111"]
[EventDate "2019.06.18"]
[EventType "swiss"]
[EventCountry "TUR"]
[SourceTitle "playchess.com"]
[Source "ChessBase"]
[SourceQuality "1"]
[TimeControl "5400+30"]

1. Nc3 {[%emt 0:00:30]} d5 {[%emt 0:01:30]} 2. e4 {[%emt 0:00:30]} dxe4 {[%emt 0:00:30]} 3. Nxe4 {[%emt 0:00:00]} g6 {[%emt 0:00:30]} 4. Bc4 {[%emt 0:00:00]} Bg7 {[%emt 0:01:30]} 5. Nf3 {[%emt 0:04:30]} Nf6 {[%emt 0:01:30]} 6. Neg5 {[%emt 0:00:30]} O-O {[%emt 0:00:00]} 7. Ne5 {[%emt 0:00:30]} e6 {[%emt 0:00:00]} 8. d4 {[%emt 0:00:00]} c5 {[%emt 0:00:30]} 9. O-O {[%emt 0:06:00]} Nc6 {[%emt 0:07:30]} 10. Nxc6 {[%emt 0:01:30]} bxc6 {[%emt 0:00:00]} 11. dxc5 {[%emt 0:03:30]} Qa5 {[%emt 0:02:00]} 12. Qd6 {[%emt 0:07:30]} Rd8 {[%emt 0:02:30]} 13. Qxc6 {[%emt 0:02:30]} Bd7 {[%emt 0:00:00]} 14. Qa6 {[%emt 0:00:30]} Qxc5 {[%emt 0:01:00]} 15. Be3 {[%emt 0:02:30]} Qc7 {[%emt 0:06:30]} 16. h3 {[%emt 0:10:30]} h6 {[%emt 0:04:30]} 17. Nf3 {[%emt 0:00:30]} Bc6 {[%emt 0:00:30]} 18. Nd4 {[%emt 0:02:30]} Bb7 {[%emt 0:00:30]} 19. Qa4 {[%emt 0:00:30]} Nd5 {[%emt 0:04:30]} 20. Bxd5 {[%emt 0:01:30]} Rxd5 {[%emt 0:00:30]} 21. Rfd1 {[%emt 0:02:30]} Ra5 {[%emt 0:17:30]} 22. Qb4 {[%emt 0:00:30]} Rb8 {[%emt 0:00:30]} 23. Qe1 {[%emt 0:02:30]} Rh5 {[%emt 0:01:30]} 24. b3 {[%emt 0:10:30]} a6 {[%emt 0:10:30]} 25. Rac1 {[%emt 0:03:30]} e5 {[%emt 0:00:30]} 26. Ne2 {[%emt 0:00:30]} Qc6 {[%emt 0:00:30]} 27. f3 {[%emt 0:00:30]} Rxh3 {[%emt 0:00:30]} 28. Ng3 {[%emt 0:03:30]} Rxg3 {[%emt 0:03:30]} 29. Qxg3 {[%emt 0:00:00]} f5 {[%emt 0:00:00]} 30. Qh3 {[%emt 0:05:00]} Kh7 {[%emt 0:01:00]} 31. c4 {[%emt 0:01:30]} f4 {[%emt 0:02:30]} 32. Bf2 {[%emt 0:00:30]} Bc8 {[%emt 0:00:30]} 33. Qh2 {[%emt 0:00:30]} g5 {[%emt 0:00:30]} 34. c5 {[%emt 0:03:30]} Bf8 {[%emt 0:05:30]} 35. Re1 {[%emt 0:00:30]} Qf6 {[%emt 0:01:30]} 36. c6 {[%emt 0:00:30]} Bf5 {[%emt 0:01:30]} 37. Kh1 {[%emt 0:00:30]} Rc8 {[%emt 0:00:30]} 38. Bc5 {[%emt 0:04:30]} Bg7 {[%emt 0:01:30]} 39. Qg1 {[%emt 0:05:05]} h5 {[%emt 0:02:30]} 40. Ba3 {[%emt 0:01:23]} g4 {[%emt 0:00:30]} 41. Qh2 {[%emt 0:00:09]} Kg6 {[%emt 0:00:30]} 42. g3 {[%emt 0:05:01]} fxg3 {[%emt 0:05:01]} 43. Qxg3 {[%emt 0:00:13]} Rxc6 {[%emt 0:00:37]} 44. fxg4 {[%emt 0:00:56]} hxg4 {[%emt 0:01:03]} 45. Rxc6 {[%emt 0:01:11]} Qxc6+ {[%emt 0:00:30]} 46. Qg2 {[%emt 0:00:00]} Qc3 {[%emt 0:02:18]} 47. Rc1 {[%emt 0:00:14]} Qf3 {[%emt 0:00:00]} 48. Qxf3 {[%emt 0:03:05]} gxf3 {[%emt 0:00:30]} 49. Bb2 {[%emt 0:00:07]} Be4 {[%emt 0:01:21]} 50. Kg1 {[%emt 0:00:05]} Kf5 {[%emt 0:00:06]} 51. Rc5 {[%emt 0:00:30]} Bf6 {[%emt 0:00:44]} 52. a4 {[%emt 0:03:52]} Bd3 {[%emt 0:00:29]} 53. Kf2 {[%emt 0:00:36]} Kg4 {[%emt 0:00:37]} 54. Ke3 {[%emt 0:03:13]} Be2 {[%emt 0:02:19]} 55. Rxe5 {[%emt 0:00:47]} Bg5+ {[%emt 0:00:46]} 56. Rxg5+ {[%emt 0:00:30]} 1/2-1/2

[Event "4th Baskent University Open 2019"]
[Site "Ankara"]
[Date "2019.06.18"]
[Round "3"]
[White "Darban, Morteza"]
[Black "Pacher, Milan"]
[Result "1-0"]
[WhiteElo "2264"]
[BlackElo "2434"]
[Annotator "TA"]
[PlyCount "81"]
[EventDate "2019.06.18"]
[EventType "swiss"]
[EventCountry "TUR"]
[SourceTitle "playchess.com"]
[Source "ChessBase"]
[SourceQuality "1"]

{[%evp 16,81,48,30,23,29,28,15,21,15,25,20,35,33,65,65,75,73,59,74,60,66,70,75,75,75,63,62,68,65,73,74,70,55,77,21,27,31,47,30,42,37,54,5,6,6,13,13,14,17,79,68,229,237,231,206,439,430,801,791,6029,6020,2170,1284,29992,29993,29994,29995]} 1. e4 c5 2. Nc3 e6 3. Nf3 Nc6 4. d4 cxd4 5. Nxd4 Qc7 6. g3 a6 7. Bg2 d6 8. O-O Bd7 9. Nb3 Nf6 {B47: Sicilian: Taimanov: 5 Nc3 Qc7 6 f4, 6 g3 and 6 Be2} 10. f4 Be7 11. Be3 b5 {The position is equal.} 12. a3 Rc8 (12... Rb8 13. Kh1 Bc8 14. g4 h6 15. Qf3 Bb7 16. Qh3 h5 17. g5 {1-0 (37) Guseinov,G (2664)-Fier,A (2540) Tallinn 2019}) 13. Qe2 O-O 14. g4 d5 $146 ({Predecessor:} 14... h6 15. h4 h5 16. gxh5 Kh7 17. Rad1 {1-0 (41) Paehtz,E (2513)-Botsari,A (2252) Batumi 2018}) 15. exd5 Nxd5 16. Bxd5 exd5 17. Nxd5 Qb8 18. Nb6 Rcd8 19. Nxd7 Rxd7 20. Rad1 Bd6 21. Qf3 Qc7 22. Rd2 Re8 23. Rfd1 Rdd8 24. Qf2 {And now Bb6 would win.} Bf8 25. Rxd8 (25. h3 $16) 25... Nxd8 $11 26. h3 Nb7 {[%cal Bd8b7,Bb7d6,Bd6e4][%mdl 32]} 27. c3 Nd6 28. Nd2 $36 {[%mdl 2048] White has good play.} h5 29. Bd4 hxg4 30. hxg4 Ne4 31. Qf3 Nxd2 32. Rxd2 Re1+ (32... Bd6 $11 {remains equal.}) 33. Kf2 Ra1 $2 {[#]} (33... Re8 $14) 34. Re2 $1 $18 Qd8 {intending ...Qh4+.} 35. g5 Qc8 $2 (35... Rd1 36. Qc6 Qd6) 36. Kg3 a5 (36... Qf5 $142 37. Qe4 Qxe4 38. Rxe4 f5) 37. Qd5 {g6 is the strong threat.} Rf1 38. g6 Qc7 39. Re5 {White threatens Rf5 and mate.} Rd1 40. Rf5 Rd3+ {[#]} 41. Kg4 $1 {Accuracy: White = 84%, Black = 30%.} 1-0

[Event "4th Baskent University Open 2019"]
[Site "Ankara"]
[Date "2019.06.18"]
[Round "3"]
[White "Aydincelebi, Kagan"]
[Black "Bagaturov, Giorgi"]
[Result "1/2-1/2"]
[WhiteElo "2258"]
[BlackElo "2422"]
[Annotator "TA"]
[PlyCount "90"]
[EventDate "2019.06.18"]
[EventType "swiss"]
[EventCountry "TUR"]
[SourceTitle "playchess.com"]
[Source "ChessBase"]
[SourceQuality "1"]

{[%evp 25,90,26,28,25,44,0,0,0,40,50,39,-10,-9,-8,-4,-9,-4,-3,-4,-9,-10,-13,-13,-37,0,0,0,0,0,0,0,0,0,0,0,0,0,0,0,0,0,0,0,0,0,0,0,0,0,0,0,0,0,0,0,0,0,0,0,0,0,0,0,0,0,0,0]} 1. e4 c5 2. Nf3 e6 3. c3 d5 4. exd5 Qxd5 5. d4 Nf6 6. Be3 cxd4 7. cxd4 Be7 $146 ({Predecessor:} 7... Nc6 8. Nc3 Qd6 9. a3 Be7 10. Bd3 O-O {0-1 (30) Tseitlin,M (2540)-Chuchelov,V (2490) Budapest 1996}) 8. Nc3 Qd6 9. Bd3 O-O 10. O-O Nc6 11. a3 b6 12. Qe2 Bb7 13. Rad1 Rfd8 14. Bb1 {B22: Sicilian: 2 c3} Rac8 15. Bg5 h6 16. Bh4 Qf4 {[%cal Rc6d4]} (16... Nd5 {keeps more tension.} 17. Qd3 g6 18. Bg3 Qd7 19. Ne4 Na5) 17. d5 exd5 18. Bxf6 (18. Rfe1 {looks sharper.} d4 19. Nb5 d3 20. Bxd3 Bf8 21. g3) 18... Bxf6 19. Nxd5 Rxd5 20. Rxd5 Nd4 21. Rxd4 Bxd4 22. Nxd4 Qxd4 23. Re1 {[#] White threatens Qe8+! and mate.} g6 24. Qe7 Bc6 25. Bxg6 $1 {The position is equal.} Qg7 26. Be4 {Hoping for Bxc6.} Re8 27. Qb4 $1 Rxe4 28. Rxe4 Bxe4 29. Qxe4 Qxb2 $11 {[%mdl 4096] Endgame ( -> ...Qc1+). KQ-KQ} 30. h4 (30. Qg4+ {with more complications.} Kh8 31. Qc8+ Kg7 32. Qg4+ Kh7 33. Qf5+) 30... Qa1+ 31. Kh2 Qxa3 32. Qg4+ Kf8 33. Qf4 Ke7 34. Qe5+ Kf8 35. Qh8+ Ke7 36. Qe5+ $1 Kd7 {...Qd6 is the strong threat.} 37. Qf5+ Ke8 38. Qe5+ Qe7 39. Qb8+ Qd8 40. Qe5+ Kf8 41. Qh8+ Ke7 42. Qe5+ $1 Kd7 {And now ...Qc7 would win.} 43. Qd5+ {[#]} Ke8 $1 44. Qe5+ Kd7 {Threatens to win with ...Qc7.} 45. Qd5+ Ke7 {Accuracy: White = 75%, Black = 56%.} 1/2-1/2